Quelle est la population de cette ville de France ? Hard - Statistiques

Statistiques générales
  • Ce quiz a été pris 60 fois
  • Le résultat moyen est 4 sur 15
Statistiques - réponses
Hint Réponse % Correct
Arles 50 968
46%
Châtellerault 31 573
35%
Argentan 13 401
31%
Mailly le Camp 2 038
29%
Alès 42 867
29%
Abbeville 22 895
27%
Die 4 770
23%
Château-Gontier-sur-Mayenne 16 845
21%
Nantua 3 453
21%
Colomiers 39 866
21%
Pithiviers 9 067
21%
Lourdes 13 247
17%
Montbard 4 831
15%
Brioude 6 537
15%
Lanester 22 940
10%
Aucun quiz correspondant
Distribution des résultats
% des personnes avec chaque résultat
Percentile par nombre de réponses
Votre historique - résultats
Vous n’avez pas pris ce quiz